Science Quiz

Random Science or Chemistry Quiz

Formulas of Ions Quiz Stats

 Plays Quiz not verified by Sporcle

Score 0/96 Timer 15:00
0 Plays Today
name formula % Correct
magnesiumMg
81.9%
zincZn
81.9%
boronB
80.6%
silverAg
79.2%
manganese (II)Mn
79.2%
bromideBr
79.2%
lithiumLi
77.8%
berylliumBe
77.8%
cobalt (II)Co
77.8%
copper (II)Cu
77.8%
lead (II)Pb
77.8%
mercury (II)Hg
77.8%
radiumRa
77.8%
fluroideF
77.8%
sulfideS
77.8%
nitrideN
77.8%
silicon (IV)Si
77.8%
iodideI
77.8%
ammoniumNH4
76.4%
copper (I)Cu
76.4%
hydrogenH
76.4%
sodiumNa
76.4%
bariumBa
76.4%
cadmium (II)Cd
76.4%
aluminumAl
76.4%
cyanideCN
76.4%
manganese (III)Mn
76.4%
nickel (III)Ni
76.4%
chlorideCl
76.4%
hydroxideOH
76.4%
carbonateCO3
76.4%
oxideO
76.4%
name formula % Correct
germanium (IV)Ge
76.4%
franciumFr
75%
calciumCa
75%
chromium (II)Cr
75%
iron (II), ferrousFe
75%
strontiumSr
75%
gallium (III)Ga
75%
gold (III)Au
75%
iron (III), ferricFe
75%
cesiumCs
73.6%
potassiumK
73.6%
nitriteNO2
73.6%
phosphideP
73.6%
lead (IV)Pb
73.6%
gold (I)Au
72.2%
nickel (II)Ni
72.2%
titanium (II)Ti
72.2%
cadmium (III)Cd
72.2%
chlorateClO3
72.2%
nitrateNO3
72.2%
sulfateSO4
72.2%
sulfiteSO3
72.2%
phosphatePO4
72.2%
rubidiumRb
70.8%
cerium (III)Ce
70.8%
chromium (III)Cr
70.8%
scandiumSc
70.8%
titanium (IV)Ti
70.8%
tin (II)Sn
69.4%
indiumIn
69.4%
phosphitePO3
69.4%
tin (IV)Sn
69.4%
name formula % Correct
chromateCrO4
68.1%
monohydrogen phosphateHPO4
68.1%
selenideSe
68.1%
tellurideTe
68.1%
bromateBrO3
66.7%
dihydrogen phosphateH2PO4
65.3%
thorium (IV)Th
65.3%
hypochloriteClO
63.9%
bisulfide, hydrogen sulfideHS
63.9%
permanganateMnO4
62.5%
dichromateCr2O7
62.5%
thalliumTl
61.1%
chloriteClO2
59.7%
bicarbonate, hydrogen carbonateHCO3
59.7%
iodateIO3
59.7%
peroxideO2
59.7%
hypobromateBrO
58.3%
perclorateClO4
56.9%
bisulfate, hydrogen sulfateHSO4
56.9%
bisulfite, hydrogen sulfiteHSO3
56.9%
mercury (I)Hg2
54.2%
thiocyanateSCN
54.2%
selenateSeO4
52.8%
acetateC2H3O2
50%
oxalateC2O4
41.7%
periodateIO6
34.7%
amideNH2
33.3%
azideN3
33.3%
hexafluorosilicateSiF6
30.6%
tartrateC4H4O6
23.6%
pyrophosphateP2O7
23.6%
arsenateAs4O4
13.9%

You're not logged in!

Compare scores with friends on all Sporcle quizzes.
OR
Log In

Show Comments

Extras

Top Quizzes Today


Score Distribution

Your Account Isn't Verified!

In order to create a playlist on Sporcle, you need to verify the email address you used during registration. Go to your Sporcle Settings to finish the process.

Report this User

Report this user for behavior that violates our Community Guidelines.

Details: